Comparison of Valuation of Financial Instruments according to the International and Czech Accounting Standards in the Context of Performance Reporting

Porovnanie hodnotenia finančných nástrojov podľa medzinárodných a českých účtovných štandardov v súvislosti s vykazovaním výkonnosti obchodných spoločností. Rozdiely v oceňovaní a vykazovaní finančných nástrojov sa skúma v súvislosti s nadchádzajúcimi zmenami a doplneniami v medzinárodných účtovný...

Descrizione completa

Salvato in:
Dettagli Bibliografici
Autore principale: Sedláček, Jaroslav
Natura: Capitolo di libro
Lingua:inglese
Soggetti:
Tags: Aggiungi Tag
Nessun Tag, puoi essere il primo ad aggiungerne!!

MARC

LEADER 00000nla a2200000 4500
001 0242350
005 20240416112046.5
041 0 |a eng 
044 |a CZ 
245 1 0 |a Comparison of Valuation of Financial Instruments according to the International and Czech Accounting Standards in the Context of Performance Reporting  |c Jaroslav Sedláček 
520 |a Porovnanie hodnotenia finančných nástrojov podľa medzinárodných a českých účtovných štandardov v súvislosti s vykazovaním výkonnosti obchodných spoločností. Rozdiely v oceňovaní a vykazovaní finančných nástrojov sa skúma v súvislosti s nadchádzajúcimi zmenami a doplneniami v medzinárodných účtovných štandardoch, ktoré sú v súčasnosti predmetom vedeckých a odborných diskusií. 
610 2 0 |a financie 
610 2 0 |a modely 
610 2 0 |a účtovníctvo 
610 2 0 |a legislatíva 
610 2 0 |a Česko 
610 2 0 |a štandardy medzinárodné 
610 2 0 |a štandardy ohodnocovacie medzinárodné 
610 2 0 |a štandardy účtovné medzinárodné 
610 2 0 |a analýza komparatívna 
100 1 |a Sedláček, Jaroslav